|
|
|
|
| LEADER |
00000csc a2200000 a 4500 |
| 001 |
101462 |
| 005 |
20230308212258.0 |
| 008 |
983121|1978 ||||||||r|||||||||||spa|| |
| 040 |
|
|
|b spa
|
| 041 |
1 |
|
|a spa
|
| 082 |
0 |
|
|a 327.2
|
| 100 |
1 |
|
|a Gaspar, Edmund
|9 292828
|
| 245 |
|
|
|a La Diplomacia y política norteamericana en América Latina
|c Edmund Gaspar; trad. José Bermúdez de Castro, Ma. Luisa G. de Bermúdez de Castro
|h imp
|
| 264 |
|
|
|a México
|b Ediciones Gernika
|c 1978
|
| 300 |
|
|
|a 121 páginas:
|c 21 cm
|
| 490 |
|
|
|a Política y Comunicación
|
| 650 |
1 |
|
|a Conflicto politico
|9 79751
|
| 650 |
1 |
|
|a Conflicto economico
|9 292829
|
| 650 |
1 |
|
|a Diplomacia norteamericana
|9 292830
|
| 852 |
|
|
|a UC-CDJBV
|c ESTANTERIA CERRADA
|f Compra
|k mariana.feican
|l 1
|m General
|p 19831212
|q 430,00
|t 101462
|b 0
|d CDRC
|e CDRC
|g 327.2 ESTANTERIA CERRADA
|z 1983-31-21
|
| 942 |
|
|
|
| 999 |
|
|
|c 121544
|d 121544
|